000 01718cam a2200217 4500
001 ABS66320
008 030120n2003 000 0 eng u
035 _a(Sirsi) u121068
100 _aBuck, P.
245 _aAsbestos: the hidden danger
260 _c2003
490 _aBuilding Services Journal
_v 25(1) January 2003, 23(1)
520 _aOutlines what the new legislation demands are for those with a responsibility to manage the risk of asbestos related exposure. Highlights that a large proportion of asbestos related deaths occur in the building industry. Reports that the Control of Asbestos at Work Regulations 2002 came into force on 21 November 2002 and, as well as imposing obligations on employers as to the management of asbestos risk in relation to their employees, the regulations impose a new 'duty to manage' asbestos risk in commercial premises on all those who have responsibility for the repair or maintenence of, or to any extent control, those premises or any means of access to them. The duty to manage comes into force on 21 May 2004, and this report adds to the campaign to create awareness of these coming regulations, by defining the new role and explaining its implications. Gives details of a new HSE approved code of practice to reinforce the regulations and provide guidance to designated duty holders. More information is available from www.hse.gov.uk/asbestos.
590 _aABS
650 _aMANAGEMENT-HEALTH AND SAFETY-HAZARDOUS SUBSTANCES-ASBESTOS
650 _aCONTROL OF ASBESTOS AT WORK REGULATIONS 2002
650 _aHSE APPROVED CODE OF PRACTICE L28
650 _aHSE APPROVED CODE OF PRACTICE L127
690 _aBUILT ENVIRONMENT-BUILDING STANDARDS
942 _n0
999 _c71937
_d71937